| 000 | 00336nam a2200145Ia 4500 | ||
|---|---|---|---|
| 008 | 230312s9999||||xx |||||||||||||| ||und|| | ||
| 020 | _a93-325-4549-6 | ||
| 082 |
_a621.182 _bFLO-E |
||
| 100 | _aFloyd;Thomas | ||
| 245 | 0 | _aElectronic devices | |
| 260 |
_aUSA _c2015 |
||
| 300 | _a958 | ||
| 650 |
_aEngineering _vAvionics |
||
| 942 | _cBK | ||
| 999 |
_c12640 _d12640 |
||